| 000 | 01052nam a2200313 4500 | ||
|---|---|---|---|
| 003 | OSt | ||
| 005 | 20260601171002.0 | ||
| 008 | 260507b2005\\\\mx\|||||\||||\00|\0\spa\d | ||
| 020 | _a9786077000273 | ||
| 020 | _a6077000272 | ||
| 020 | _a9788484606970 | ||
| 020 | _a848460697X | ||
| 040 |
_aICI _bspa _cICI _erda |
||
| 041 | _aspa | ||
| 050 |
_aHB74.P8 _bH3618 |
||
| 100 | 1 |
_a Harford, Tim, _d1973- , _931547 |
|
| 240 | 1 |
_aThe logic of life : the rational economics of an irrational world. _lEspañol |
|
| 245 | 1 |
_aLa lógica oculta de la vida : _bcómo la economía explica todas nuestras decisiones / _cTim Harford |
|
| 264 |
_a México, D.F. : _bEditorial Planeta Mexicana ; _c[2008] |
||
| 264 |
_aMadrid, España : _bTemas de Hoy _c[2008] |
||
| 300 | _a347 páginas | ||
| 336 |
_atexto _2rdacontent |
||
| 337 |
_asin medio _2rdamedia |
||
| 338 |
_avolumen _2rdacarrier |
||
| 490 | _aTemas de hoy | ||
| 650 |
_aEconomía _xAspectos psicológicos _931548 |
||
| 650 |
_aExpectativas racionales (Teoría económica) _931549 |
||
| 942 |
_2lcc _cB _n1 |
||
| 999 |
_c20104 _d20104 |
||